TV by Numbers Quiz Stats

 Plays Quiz Updated May 11, 2017

Challenge
Share
Tweet
Embed
Score 0/55 Timer 06:00
0 Plays Today
% Correct
Peter
88.8%
Peter
88.8%
ABC
88.4%
NBC
87.9%
Joey
85.4%
George H. W. Bush
84.6%
Rachel
84.4%
Ross
84.4%
John F. Kennedy
84.1%
CBS
83.1%
Chandler
82.7%
Fox
82.4%
Phoebe
82.3%
Richard Nixon
82.2%
Monica
79.9%
Ronald Reagan
79.4%
Stewie
76.1%
Franklin D. Roosevelt
74.4%
Jimmy Carter
73.7%
Spock
71.9%
Gerald Ford
69.7%
Meg
68.8%
Lois
68%
Jan
66.5%
Lyndon B. Johnson
66.4%
Dwight D. Eisenhower
65.3%
Marcia
64.7%
Captain Kirk
64.5%
% Correct
Tommy
63.5%
Harry S. Truman
59.9%
Chris
59.8%
Chuckie
59.5%
Cindy
59.4%
Bobby
58.9%
Greg
58.6%
Angelica
58.6%
Alice
56.2%
Lil
53.6%
Phil
53.1%
Smithers
52.7%
Mike
47.8%
Carol
46.8%
Dil
42%
Scotty
39.7%
McCoy
33.4%
Sulu
31%
Uhura
25.9%
Meadow
24%
Susie
22.3%
A.J.
20.4%
Chekov
19.9%
Jill Munroe
14.1%
Kimi
14%
Sabrina Duncan
12%
Kelly Garrett
10.4%

You're not logged in!

Compare scores with friends on all Sporcle quizzes.
Join for Free
OR
Log In

You Might Also Like...

Show Comments

Extras

Top Quizzes Today


Score Distribution

Your Account Isn't Verified!

In order to create a playlist on Sporcle, you need to verify the email address you used during registration. Go to your Sporcle Settings to finish the process.

Report this User

Report this user for behavior that violates our Community Guidelines.

Details: